000 00491nam a22001577a 4500
999 _c527449
_d527449
020 _qHBK.
082 _a658
100 _aUsman, Muhammad
245 _aThe Impact of Advertisement on Our Society and Possible Social Conflict /
_cMuhammad Usman.
260 _aIslamabad:
_bNBS - NUST,
_c2015.
300 _a55 p. : ill. ;
_c30cm.
942 _2ddc
_cTHE
650 _aMBA Thesis.
_917629
700 _aMs. Kishwar Sameen Gulzar.
_918243